| 000 | 00511nam a2200169Ia 4500 | ||
|---|---|---|---|
| 003 | OSt | ||
| 005 | 20200629131317.0 | ||
| 008 | 190216s9999||||xx |||||||||||||| ||und|| | ||
| 040 | _coclc | ||
| 082 |
_a930.1028 _bDAN/A |
||
| 100 |
_aDancey, William S _93311 |
||
| 245 | 0 |
_aArchaeological Field Methods: An Introduction / _cWilliam S Dancey |
|
| 260 |
_bSurjeet Publications, _c2007. _aDelhi: |
||
| 300 | _a186p | ||
| 650 | _aHistory | ||
| 942 |
_cBK _2ddc _h930.1028 _iDAN/A _k930.1028 _mDAN/A |
||
| 999 |
_c21370 _d21370 |
||